| 000 | 00448cam a2200181ua 4500 | ||
|---|---|---|---|
| 001 | 10689 | ||
| 008 | 190327n ii |||gr||||Z||||||eng | ||
| 020 | _a9789325986701 | ||
| 040 | _cMAIN | ||
| 082 | _a338.5 | ||
| 100 |
_aD N Dwivedi, _eAuthor. |
||
| 245 |
_aMicroeconomics _btheory and applications |
||
| 250 | _a3rd ed. | ||
| 260 |
_aNew Delhi: _bVikas publishing house pvt ltd, _c2016. |
||
| 300 | _a651p. | ||
| 653 | _aProduction | ||
| 942 | _cBK | ||
| 999 |
_c9660 _d9660 |
||